| 000 | 00594nam a22001937a 4500 | ||
|---|---|---|---|
| 005 | 20130508111912.0 | ||
| 010 | _aENG-106998 | ||
| 020 |
_a9788170006619 _c1150.00 |
||
| 035 | _aEN-90531 | ||
| 037 | _bDBAD/PUB | ||
| 082 | _a303.4833 | ||
| 100 | _aMukherjee, Bhaskar | ||
| 245 |
_aInformation,communication and society / _cby Bhaskar Mukherjee |
||
| 260 |
_aNew Delhi _bESS ESS Publications _c2012 |
||
| 270 |
_a4837/24, Ansari Road, Daryaganj _bNew Delhi _e110002 |
||
| 300 |
_axvi,714p.: _bill. _c23cm(Hb) |
||
| 500 | _aIncludes index | ||
| 942 |
_2ddc _cEN _h303.4833 _mMUK |
||
| 999 |
_c75177 _d75177 |
||